Painting a map of sixteenth-century Mexico City (Record no. 7366)
[ view plain ]
| 000 -CABECERA | |
|---|---|
| campo de control de longitud fija | 01257nam a2200313 a 4500 |
| 001 - NÚMERO DE CONTROL | |
| campo de control | BRCA_7692 |
| 005 - FECHA Y HORA DE LA ÚLTIMA TRANSACCIÓN | |
| campo de control | 20190320205940.0 |
| 008 - DATOS DE LONGITUD FIJA--INFORMACIÓN GENERAL | |
| campo de control de longitud fija | 120827s2012 u--a######---#001-0#eng-# |
| 020 ## - NÚMERO INTERNACIONAL ESTÁNDAR DEL LIBRO | |
| Número Internacional Estándar del Libro | 9780300180718 |
| 040 ## - FUENTE DE LA CATALOGACIÓN | |
| Centro catalogador/agencia de origen | DLC |
| Centro/agencia transcriptor | DLC |
| Centro/agencia modificador | DLC |
| 041 ## - CÓDIGO DE LENGUA | |
| Código de lengua del texto/banda sonora o título independiente | eng |
| 044 ## - CÓDIGO DEL PAÍS DE LA ENTIDAD EDITORA/PRODUCTORA | |
| Código MARC del país | u |
| 050 #4 - SIGNATURA TOPOGRÁFICA DE LA BIBLIOTECA DEL CONGRESO | |
| Número de clasificación | G1549.M4 |
| Número de documento/Ítem | .P35 2012 |
| 245 10 - MENCIÓN DE TÍTULO | |
| Título | Painting a map of sixteenth-century Mexico City |
| Resto del título | land, writing, and native rule |
| Mención de responsabilidad, etc. | edited by Mary E. Miller and Barbara E. Mundy ; with essays by Dennis Carr ... [et al.]. |
| 260 ## - PUBLICACIÓN, DISTRIBUCIÓN, ETC. | |
| Lugar de publicación, distribución, etc. | New Haven |
| Nombre del editor, distribuidor, etc. | Beinecke Rare Book & Manuscript Library, Yale University |
| Fecha de publicación, distribución, etc. | c2012 |
| 300 ## - DESCRIPCIÓN FÍSICA | |
| Extensión | xv, 216 p. |
| Otras características físicas | il. (algunas a color), mapas |
| Dimensiones | 29 cm. |
| 500 ## - NOTA GENERAL | |
| Nota general | Incluye glosario de términos e índice alfabético |
| 504 ## - NOTA DE BIBLIOGRAFÍA, ETC. | |
| Nota de bibliografía, etc. | Bibliografía: p. [197]-208 |
| 650 14 - PUNTO DE ACCESO ADICIONAL DE MATERIA--TÉRMINO DE MATERIA | |
| Término de materia o nombre geográfico como elemento de entrada | Cartografía indígena |
| Subdivisión general | Historia |
| Subdivisión cronológica | Siglo XVI |
| Subdivisión geográfica | México |
| 9 (RLIN) | 19002 |
| 651 #4 - PUNTO DE ACCESO ADICIONAL DE MATERIA--NOMBRE GEOGRÁFICO | |
| Nombre geográfico | Ciudad de México |
| Subdivisión de forma | Mapas |
| 9 (RLIN) | 19003 |
| 651 #4 - PUNTO DE ACCESO ADICIONAL DE MATERIA--NOMBRE GEOGRÁFICO | |
| Nombre geográfico | Ciudad de México |
| Subdivisión de forma | Mapas |
| Subdivisión general | Geografía histórica |
| 9 (RLIN) | 19004 |
| 651 #4 - PUNTO DE ACCESO ADICIONAL DE MATERIA--NOMBRE GEOGRÁFICO | |
| Nombre geográfico | Ciudad de México |
| Subdivisión de forma | Mapas |
| Subdivisión general | Historia |
| 9 (RLIN) | 761 |
| 651 #4 - PUNTO DE ACCESO ADICIONAL DE MATERIA--NOMBRE GEOGRÁFICO | |
| Nombre geográfico | Ciudad de México |
| Subdivisión general | Antigüedades |
| 9 (RLIN) | 14000 |
| 651 #4 - PUNTO DE ACCESO ADICIONAL DE MATERIA--NOMBRE GEOGRÁFICO | |
| Nombre geográfico | México |
| Subdivisión general | Civilización |
| Subdivisión cronológica | Siglo XVI |
| 9 (RLIN) | 19005 |
| 700 1# - PUNTO DE ACCESO ADICIONAL--NOMBRE DE PERSONA | |
| Nombre de persona | Miller, Mary E. |
| Término indicativo de función/relación | ed. |
| 9 (RLIN) | 19006 |
| 700 1# - PUNTO DE ACCESO ADICIONAL--NOMBRE DE PERSONA | |
| Nombre de persona | Mundy, Barbara E. |
| Término indicativo de función/relación | ed. |
| 9 (RLIN) | 4821 |
| 700 1# - PUNTO DE ACCESO ADICIONAL--NOMBRE DE PERSONA | |
| Nombre de persona | Carr, Dennis |
| 9 (RLIN) | 19007 |
| 942 ## - ELEMENTOS DE PUNTO DE ACCESO ADICIONAL (KOHA) | |
| Fuente del sistema de clasificación o colocación | Library of Congress Classification |
| Tipo de ítem Koha | Libros |
| Estado de retiro | Estado de pérdida | Estado dañado | No para préstamo | Localización permanente | Ubicación/localización actual | Fecha de adquisición | Total de préstamos | Signatura topográfica completa | Código de barras | Fecha visto por última vez | Precio válido a partir de | Tipo de ítem Koha |
|---|---|---|---|---|---|---|---|---|---|---|---|---|
| El ejemplar forma parte de la colección y puede ser consultado según las políticas vigentes. | Biblioteca del Museo Franz Mayer (Rogerio Casas-Alatriste) | Biblioteca del Museo Franz Mayer (Rogerio Casas-Alatriste) | 21/08/2013 | G1549.M4 .P35 2012 | 02764 | 22/03/2019 | 22/03/2019 | Libros |